Internet: promesas y realidades /
Uloženo v:
| Hlavní autor: | |
|---|---|
| Médium: | Text |
| Tagy: |
Přidat tag
Žádné tagy, Buďte první, kdo vytvoří štítek k tomuto záznamu!
|
MARC
| LEADER | 00000 a a2200000 04500 | ||
|---|---|---|---|
| 001 | 8286 | ||
| 003 | |||
| 040 | |||
| 100 | |a Solano Rojas, Sergio | ||
| 245 | |a Internet: promesas y realidades / |c Sergio Solano Rojas | ||
| 773 | |g volumen 9, núm 1, páginas 91-98 | ||
| 999 | |c 35634 |d 35634 | ||
